The Next step in flok art

Bibliographic Details
Main Author: Davis, Lea
Format: Book
Published: Australia : Kangaroo Press , 1994
Subjects:

MARC

LEADER 00000cam a2200000 7i4500
001 0000004337
002 000004660
005 20000330.0
020 |a 0864175744 
090 0 0 |a 745   |b DAV 
100 1 |a Davis, Lea 
245 1 4 |a The Next step in flok art   |c Lea Davis 
260 |a Australia :   |b Kangaroo Press ,   |c 1994 
300 |a 80 p. :   |b ill. ;   |c 28 cm. 
650 0 0 |a Flok arts 
999 |a 037383   |b BUKU   |c PINJAMAN   |e PERPUSTAKAAN KOMUNITI PETALING JAYA